Industrial Engineering

Salvato in:
Dettagli Bibliografici
Natura: Periodico
Lingua:inglese
Pubblicazione: New York American Institute of Industrial Engineers
Soggetti:
Tags: Aggiungi Tag
Nessun Tag, puoi essere il primo ad aggiungerne!!

MARC

LEADER 00000nas1a22000001 4500
001 s120763
005 20041019155346.6
041 0 |a eng 
044 |a US 
245 1 0 |a Industrial Engineering 
264 1 |a New York  |b American Institute of Industrial Engineers 
610 2 0 |a inžinierstvo priemyselné